000 00715nam a22002537a 4500
003 CHAP
005 20220329134709.0
008 971013s1984 r 00010 d
010 _a24347
011 _a25319
035 _a29419
040 _cCHAP
090 _aFolleto 11152
245 _aInstitut National de la Recherche Agronomique
260 _aParis :
_bINRA,
_c1984
300 _a2 h
590 _aBATCH-UPD
_b10
_c20130110
_lUCH01
_h2114
590 _aBATCH-UPD
_b10
_c20130410
_lUCH01
_h1424
590 _aCONVERSION
_b10
_c20130109
_lUCH01
_h1314
650 1 4 _aAgricultura
_xInvestigacion
_xFrancia.
_91624
901 _aBK
942 _cFOLL
949 _aFolleto 11152
_bBC
_cFOLL
_d-67992
_eTS1
_i29419
_mD
_si
999 _c24347
_d24347